000 00573nam a22001697a 4500
005 20251108174631.0
008 250721s2008 xx 000 0 ara d
082 1 4 _a658.3/كلا
100 1 _aالكلالده، طاهر محمود
_eمؤلف
245 1 0 _aتنمية و إدارة الموارد البشرية /
264 1 _aعمان :
_bدار عالم الثقافة للنشر والتوزيع،
_c2008.
300 _a247 ص.
650 1 7 _aاداره الموارد البشريه
650 1 7 _aاداره الاعمال
942 _2ddc
_cBK
999 _c114090
_d114090